Language Quiz

Random Language or Capital Quiz

Word Hourglass XXII Quiz Stats

 Plays Quiz Updated May 6, 2019

Score 0/9 Timer 01:30
4 Plays Today
Clue Word % Correct
Most common blood typeO
100%
Interjection of understanding or questioningOH
88.7%
A moon of JupiterIO
86.7%
A US stateIDAHO
81.4%
Partner of chem and physBIO
80.8%
Capital of the state at top of the hourglassBOISE
69.3%
A carrier for bricksHOD
66.7%
The capital of QatarDOHA
64%
Japanese sashesOBIS
55.4%

You're not logged in!

Compare scores with friends on all Sporcle quizzes.
OR
Log In

Show Comments

Extras

Top Quizzes Today


Score Distribution

Your Account Isn't Verified!

In order to create a playlist on Sporcle, you need to verify the email address you used during registration. Go to your Sporcle Settings to finish the process.

Report this User

Report this user for behavior that violates our Community Guidelines.

Details: